000 01616cam a22004814i 4500
003 PE-LiUPU
005 20250731173545.0
008 150616s r 000 0 d
020 _a038502388X
035 _a(Sirsi) i9780385023887
040 _aPE-LiUPU
_bspa
_cPE-LiUPU
_erda
049 _aPRUA
082 0 4 _a220.7
_bAB1988
_221
100 1 _aCogan, Mordechai,
_eautor.
245 1 0 _aII Kings.
_n11 /
_cMordechai Cogan.
264 1 _aU.S.A. :
_bDoubleday & Company,
_c1988.
300 _a371 páginas :
_bil ;
_c24 centímetros
336 _atext
_2rdacontent
337 _aunmediated
_2rdamedia
338 _avolume
_2rdacarrier
490 0 _aThe Anchor Bible ;
_v11
504 _aIncluye bibliografía e índices.
505 0 _aThe Elisha Cycle -- History of the divided monarchy resumed -- The kingdom of Judah until the exile.
526 _aSEG42
526 _aSEG41
526 _aSEG40
526 _aSEG39
526 _aP94
526 _aP87
526 _aP86
526 _aP85
526 _aP77
526 _aP76
526 _aP35
630 _aBiblia.
_pA.T.
_pReyes
_xComentarios.
910 _ajck
_bjvq
_cjck
942 _2ddc
_cBOOK
949 _a220.7 AB 11 1988
_wDEWEY
_c1
_i42755
_lCCODEBUL1
_mBUL
_r0
_sY
_tBOOK
_u2015-6-16
_xTEOLOGIA
_zUNKNOWN
_0COMPRA
_o.STAFF. Colección General
994 _aC0
_bPEPRU
596 _a1
999 _a220.7 AB 11 1988
_wDEWEY
_c60719
_i42755
_d60719
_f2021-11-9
_g5
_lCCODEBUL1
_mBUL
_q5
_r0
_sY
_tBOOK
_u2015-6-16
_xTEOLOGIA
_zUNKNOWN
_0COMPRA
_o.STAFF. Colección General
980 _81
_gALBERTO SANCHEZ Responsable de Automatización